[Event "FRA-chT Top 16 GpA"]
[Site "Chartres"]
[Date "2023.06.07"]
[Round "7.4"]
[White "Flom, Gabriel"]
[Black "Maze, Sebastien"]
[Result "1/2-1/2"]
[WhiteElo "2436"]
[BlackElo "2539"]
[PlyCount "26"]
[EventDate "2023.06.01"]
[EventType "team-tourn"]
[EventRounds "7"]
[EventCountry "FRA"]
[SourceTitle "CBM 214 Extra"]
[Source "ChessBase"]
[SourceDate "2023.07.31"]
[SourceVersion "1"]
[SourceVersionDate "2023.07.31"]
[SourceQuality "1"]
[WhiteTeam "Tremblay en France"]
[BlackTeam "Bischwiller"]
[WhiteTeamCountry "FRA"]
[BlackTeamCountry "FRA"]

1. d4 Nf6 2. c4 d6 3. Nf3 Nbd7 4. Nc3 e5 5. e4 g6 6. Be2 Bg7 7. 0-0 0-0 8. Bg5 h6 9. Be3 Qe7 10. Re1 c6 11. d5 c5 12. g3 Kh8 13. a3 Ng8 1/2-1/2

[Event "FRA-chT Top 16 GpA"]
[Site "Chartres"]
[Date "2023.06.02"]
[Round "2.4"]
[White "Maze, Sebastien"]
[Black "Roos, Louis"]
[Result "1-0"]
[WhiteElo "2539"]
[BlackElo "2259"]
[PlyCount "61"]
[EventDate "2023.06.01"]
[EventType "team-tourn"]
[EventRounds "7"]
[EventCountry "FRA"]
[SourceTitle "CBM 214 Extra"]
[Source "ChessBase"]
[SourceDate "2023.07.31"]
[SourceVersion "1"]
[SourceVersionDate "2023.07.31"]
[SourceQuality "1"]
[WhiteTeam "Bischwiller"]
[BlackTeam "Strasbourg"]
[WhiteTeamCountry "FRA"]
[BlackTeamCountry "FRA"]

1. e4 e6 2. d4 d5 3. Nc3 Nf6 4. Bg5 dxe4 5. Nxe4 Be7 6. Bxf6 Bxf6 7. Nf3 Bd7 8. Bd3 Bc6 9. c3 Nd7 10. Qc2 Bxe4 11. Bxe4 c6 12. h4 h6 13. a4 a5 14. g3 Qc7 15. h5 0-0 16. 0-0 Rfe8 17. Rfe1 Rad8 18. Rad1 Nf8 19. Bd3 Rd5 20. Be4 Rdd8 21. Kg2 e5 22. d5 cxd5 23. Bxd5 Re7 24. Rd2 Rd6 25. Qf5 Rb6 26. Red1 Re8 27. Be4 Qc8 28. Re1 Qxf5 29. Bxf5 Ne6 30. Nxe5 Nc5 31. Rde2 1-0

[Event "Titled Tuesday intern op 02nd May Late"]
[Site "Chess.com INT"]
[Date "2023.05.02"]
[Round "6"]
[White "Makridis, Dimitrios"]
[Black "Maze, Sebastien"]
[Result "1-0"]
[WhiteElo "2356"]
[BlackElo "2539"]
[PlyCount "143"]
[EventDate "2023.05.02"]
[EventType "swiss (blitz)"]
[EventRounds "11"]
[EventCountry "USA"]
[SourceTitle "EXT 2024"]
[Source "ChessBase"]
[SourceDate "2023.10.10"]
[SourceVersion "1"]
[SourceVersionDate "2023.10.10"]
[SourceQuality "1"]

1. e4 c5 2. Nf3 Nc6 3. Bb5 e5 4. 0-0 Bd6 5. c3 Nge7 6. d4 0-0 7. dxe5 Bxe5 8. Nxe5 Nxe5 9. f4 N5c6 10. Bd3 d5 11. e5 Bf5 12. Na3 Qd7 13. Nc2 Rad8 14. Kh1 d4 15. Bxf5 Nxf5 16. cxd4 Nfxd4 17. Be3 b6 18. Nxd4 cxd4 19. Bd2 Qd5 20. Rc1 Rd7 21. Qh5 Rfd8 22. f5 Nxe5 23. f6 Ng6 24. Rf5 Qxa2 25. fxg7 Qxb2 26. Qh6 d3 27. h3 a5 28. Bc3 Qxc1+ 29. Qxc1 Rc8 30. Qh6 f6 31. Bxf6 d2 32. Rh5 d1Q+ 33. Kh2 Qd6+ 34. Be5 Qxe5+ 35. Rxe5 Nxe5 36. Qe6+ Kxg7 37. Qxe5+ Kf7 38. Qf5+ Ke7 39. Qxh7+ Kd6 40. Qd3+ Kc7 41. Qc4+ Kb7 42. Qe4+ Rc6 43. h4 b5 44. h5 Rdd6 45. Qe7+ Kb6 46. Qe3+ Ka6 47. g4 b4 48. Qe2+ Kb6 49. g5 a4 50. Qe3+ Kb5 51. g6 b3 52. g7 Rd8 53. h6 b2 54. Qe2+ Ka5 55. Qe5+ Ka6 56. Qe2+ Ka7 57. Qf2+ Kb7 58. Qxb2+ Rb6 59. Qg2+ Ka6 60. g8Q Rxh6+ 61. Kg1 Rxg8 62. Qxg8 Rb6 63. Qc4+ Ka5 64. Kf2 Rb5 65. Qc7+ Kb4 66. Ke3 a3 67. Kd3 Ka4 68. Qa7+ Kb4 69. Qe7+ Ka4 70. Kc4 Rb6 71. Qa7+ Ra6 72. Qxa6# 1-0

[Event "Reykjavik op"]
[Site "Reykjavik"]
[Date "2023.04.02"]
[Round "7"]
[White "Maze, Sebastien"]
[Black "Dhulipalla, Bala Chandra Prasad"]
[Result "1-0"]
[WhiteElo "2542"]
[BlackElo "2441"]
[PlyCount "139"]
[EventDate "2023.03.29"]
[EventType "swiss"]
[EventRounds "9"]
[EventCountry "ISL"]
[SourceTitle "CBM 213 Extra"]
[Source "ChessBase"]
[SourceDate "2023.05.31"]
[SourceVersion "1"]
[SourceVersionDate "2023.05.31"]
[SourceQuality "1"]

1. e4 e5 2. Nf3 Nc6 3. Bc4 Nf6 4. d3 h6 5. 0-0 d6 6. a4 g6 7. a5 Bg7 8. a6 b6 9. c3 0-0 10. Re1 Kh7 11. Nbd2 Be6 12. Bxe6 fxe6 13. Nf1 Nh5 14. g3 Qf6 15. Kg2 Rf7 16. h4 Raf8 17. N1h2 Qd8 18. b4 Nf6 19. Be3 Nh5 20. Ra2 d5 21. b5 Ne7 22. c4 c5 23. Bc1 Qd6 24. Rae2 d4 25. Bd2 Qc7 26. Qc1 Ng8 27. Rh1 Ne7 28. Ng1 Qd6 29. Nh3 Qc7 30. f3 Qd6 31. Rf2 Qd7 32. Ng4 Ng8 33. Rh2 Qd6 34. Qh1 Ne7 35. Rf1 Qc7 36. Rf2 Qd6 37. Qc1 Ng8 38. Rh1 Qd7 39. Rg1 Qd6 40. Nh2 Qd8 41. Kf1 Qd6 42. Ke2 Qd8 43. Qf1 Qd7 44. Kd1 Qd8 45. Kc2 Qd7 46. Qg2 Ne7 47. Ng4 Qd6 48. Rgf1 Qd8 49. Bxh6 Bxh6 50. Nxe5 Rg7 51. Ng5+ Bxg5 52. hxg5 Kg8 53. f4 Qc7 54. Qh3 Qd6 55. Nxg6 Nxg6 56. Qxh5 Qe7 57. Rh2 Rff7 58. Rfh1 Rf8 59. Kb3 Qd7 60. Qg4 Kf7 61. Rh6 Ke8 62. Qh5 Qf7 63. Rf1 Rfg8 64. f5 exf5 65. exf5 Nf8 66. Qh1 Qc7 67. Qa8+ Qd8 68. Re1+ Re7 69. Rxe7+ Kxe7 70. f6+ 1-0

[Event "Reykjavik op"]
[Site "Reykjavik"]
[Date "2023.03.31"]
[Round "4"]
[White "Isha, Sharma"]
[Black "Maze, Sebastien"]
[Result "1/2-1/2"]
[WhiteElo "2197"]
[BlackElo "2542"]
[PlyCount "115"]
[EventDate "2023.03.29"]
[EventType "swiss"]
[EventRounds "9"]
[EventCountry "ISL"]
[SourceTitle "CBM 213 Extra"]
[Source "ChessBase"]
[SourceDate "2023.05.31"]
[SourceVersion "1"]
[SourceVersionDate "2023.05.31"]
[SourceQuality "1"]

1. e4 c5 2. Nf3 d6 3. Nc3 a6 4. d4 cxd4 5. Nxd4 Nf6 6. Be3 e5 7. Nf3 Be7 8. h3 Be6 9. g4 h6 10. g5 hxg5 11. Nxg5 Qc7 12. Nxe6 fxe6 13. Qf3 Nc6 14. 0-0-0 Rc8 15. Qg3 Bf8 16. f4 b5 17. a3 exf4 18. Bxf4 Ne5 19. Qg2 Qa5 20. Bd2 Qb6 21. Be2 Qb7 22. h4 b4 23. axb4 Qxb4 24. Kb1 Qb7 25. Qh3 Kf7 26. Bf4 Be7 27. h5 Nc4 28. Bxc4 Rxc4 29. h6 Nxe4 30. Nxe4 Qxe4 31. Rh2 Qxf4 32. Rf1 Rxh6 33. Rxf4+ Rxf4 34. Qg3 Rf1+ 35. Ka2 Rxh2 36. Qxh2 Rf5 37. c3 a5 38. b4 axb4 39. cxb4 g5 40. Qh5+ Kg7 41. Qe8 Kf6 42. b5 d5 43. b6 Bd6 44. b7 Ke5 45. Qg8 Bc7 46. Kb3 Kd6 47. Qe8 Rf4 48. b8Q Bxb8 49. Qxb8+ Ke7 50. Qe5 Re4 51. Qxg5+ Kd7 52. Qg7+ Kd6 53. Qf7 Ke5 54. Qe7 Kf5 55. Qg7 Rc4 56. Qh8 Re4 57. Qg7 Rc4 58. Qh8 1/2-1/2

[Event "Titled Tuesday intern op 7th Mar Early"]
[Site "Chess.com INT"]
[Date "2023.03.07"]
[Round "6"]
[White "Suyarov, Mukhammadzokhid"]
[Black "Maze, Sebastien"]
[Result "0-1"]
[WhiteElo "2281"]
[BlackElo "2542"]
[PlyCount "76"]
[EventDate "2023.03.07"]
[EventType "swiss (blitz)"]
[EventRounds "11"]
[EventCountry "USA"]
[SourceTitle "EXT 2024"]
[Source "ChessBase"]
[SourceDate "2023.10.10"]
[SourceVersion "1"]
[SourceVersionDate "2023.10.10"]
[SourceQuality "1"]

1. d4 Nf6 2. Nc3 d5 3. Bf4 a6 4. e3 e6 5. g4 c5 6. g5 Nfd7 7. Nf3 Nc6 8. h4 b5 9. Ne2 Bb7 10. Ng3 Qa5+ 11. c3 b4 12. Bh3 bxc3 13. 0-0 cxd4 14. exd4 cxb2 15. Rb1 Ba3 16. Qb3 Qb4 17. Qxb4 Nxb4 18. Bd6 a5 19. Nh5 Rg8 20. Rfe1 Ra6 21. Bc7 Nb6 22. Nf4 Nc4 23. Ne5 Nxe5 24. Bxe5 Kd7 25. Re3 Rc8 26. Ree1 Rc1 27. Bf1 Rb6 28. Bxg7 Nc2 29. Rexc1 bxc1Q 30. Rxb6 Kc7 31. Rb3 Ba6 32. Be5+ Bd6 33. Bxd6+ Kxd6 34. Rb6+ Kc7 35. Rxa6 Qxf4 36. Rxa5 Nxd4 37. Bg2 Ne2+ 38. Kh1 Qxh4+ 0-1

[Event "Montendre Rapid op"]
[Site "Montendre"]
[Date "2023.02.19"]
[Round "6"]
[White "Maze, Sebastien"]
[Black "Bacrot, Alexandre"]
[Result "1/2-1/2"]
[WhiteElo "2538"]
[BlackElo "2387"]
[PlyCount "102"]
[EventDate "2023.02.19"]
[EventType "swiss (rapid)"]
[EventRounds "9"]
[EventCountry "FRA"]
[SourceTitle "CBM 212 Extra"]
[Source "ChessBase"]
[SourceDate "2023.03.31"]
[SourceVersion "1"]
[SourceVersionDate "2023.03.31"]
[SourceQuality "1"]

1. e4 g6 2. d4 Bg7 3. Nc3 d6 4. Be3 a6 5. h3 b5 6. g4 Bb7 7. Bg2 Nd7 8. Nge2 e5 9. Ng3 exd4 10. Bxd4 Bxd4 11. Qxd4 Qf6 12. Qxf6 Ngxf6 13. f4 b4 14. Nd5 Nxd5 15. exd5 0-0-0 16. a3 Nb6 17. axb4 Bxd5 18. 0-0 Rhe8 19. c3 Bxg2 20. Kxg2 Kb7 21. Rf2 c5 22. bxc5 dxc5 23. Ra5 Rd5 24. f5 g5 25. f6 Nc4 26. Ra4 Ne3+ 27. Kh2 Nd1 28. Rg2 Kb6 29. Re4 Rxe4 30. Nxe4 Re5 31. Nd6 Re6 32. Nxf7 Rxf6 33. Nxg5 h6 34. Ne4 Re6 35. Ng3 Kb5 36. Nf5 Kc4 37. h4 Kb3 38. g5 hxg5 39. hxg5 Rg6 40. Nh4 Rg8 41. g6 Nxb2 42. Nf5 a5 43. Ne7 Rg7 44. Nf5 Rg8 45. Ne7 Rg7 46. Nf5 Rg8 47. g7 a4 48. Ne7 Rxg7 49. Rxg7 a3 50. Rg1 a2 51. Nd5 Na4 1/2-1/2

[Event "Montendre Blitz op"]
[Site "Montendre"]
[Date "2023.02.18"]
[Round "2"]
[White "Llari, Marc"]
[Black "Maze, Sebastien"]
[Result "0-1"]
[WhiteElo "1821"]
[BlackElo "2538"]
[PlyCount "90"]
[EventDate "2023.02.18"]
[EventType "swiss (blitz)"]
[EventRounds "11"]
[EventCountry "FRA"]
[SourceTitle "CBM 212 Extra"]
[Source "ChessBase"]
[SourceDate "2023.03.31"]
[SourceVersion "1"]
[SourceVersionDate "2023.03.31"]
[SourceQuality "1"]

1. e4 c5 2. Nf3 Nc6 3. d4 cxd4 4. Nxd4 g6 5. c4 Bg7 6. Be3 Nf6 7. Nc3 0-0 8. Be2 d6 9. 0-0 Bd7 10. Qd2 Nxd4 11. Bxd4 Bc6 12. Bd3 a5 13. Rae1 Nd7 14. Bxg7 Kxg7 15. Re3 h6 16. Rh3 Rh8 17. Nd5 e5 18. Kh1 Bxd5 19. exd5 f5 20. Bb1 Nc5 21. Re3 Qf6 22. Rfe1 Rhe8 23. Qc3 Re7 24. f4 e4 25. Qxf6+ Kxf6 26. Bc2 h5 27. h4 Rc7 28. Rc1 a4 29. Rc3 Rac8 30. Bb1 Na6 31. Kg1 Nc5 32. Kf2 Rb8 33. b4 axb3 34. axb3 Ra8 35. Ke3 Na6 36. Bc2 Nb4 37. Bd1 Ra2 38. Be2 Rb2 39. g3 Rc5 40. Bd1 Ra5 41. Be2 b6 42. Kf2 Raa2 43. Re1 Nd3+ 44. Rxd3 exd3 45. Kf1 Rxe2 0-1